<?xml version="1.0" encoding="UTF-8"?><marc:collection xmlns:marc="http://www.loc.gov/MARC21/slim">
  <marc:record>
    <marc:leader>00000nam  2200000za 4500</marc:leader>
    <marc:controlfield tag="001">9.818380</marc:controlfield>
    <marc:controlfield tag="003">CaOODSP</marc:controlfield>
    <marc:controlfield tag="005">20221107142713</marc:controlfield>
    <marc:controlfield tag="007">cr |||||||||||</marc:controlfield>
    <marc:controlfield tag="008">160526s2016    onc     ob   f000 0 eng d</marc:controlfield>
    <marc:datafield tag="040" ind1=" " ind2=" ">
      <marc:subfield code="a">CaOODSP</marc:subfield>
      <marc:subfield code="b">eng</marc:subfield>
    </marc:datafield>
    <marc:datafield tag="043" ind1=" " ind2=" ">
      <marc:subfield code="a">n-cn---</marc:subfield>
    </marc:datafield>
    <marc:datafield tag="086" ind1="1" ind2=" ">
      <marc:subfield code="a">H113-27/2016-15E-PDF</marc:subfield>
    </marc:datafield>
    <marc:datafield tag="245" ind1="0" ind2="0">
      <marc:subfield code="a">Quinclorac </marc:subfield>
      <marc:subfield code="h">[electronic resource].</marc:subfield>
    </marc:datafield>
    <marc:datafield tag="246" ind1="1" ind2="7">
      <marc:subfield code="a">Proposed re-evaluation decision - PRVD2016-15</marc:subfield>
    </marc:datafield>
    <marc:datafield tag="260" ind1=" " ind2=" ">
      <marc:subfield code="a">Ottawa : </marc:subfield>
      <marc:subfield code="b">Health Canada, </marc:subfield>
      <marc:subfield code="c">c2016.</marc:subfield>
    </marc:datafield>
    <marc:datafield tag="300" ind1=" " ind2=" ">
      <marc:subfield code="a">88 p.</marc:subfield>
    </marc:datafield>
    <marc:datafield tag="490" ind1="1" ind2=" ">
      <marc:subfield code="a">Proposed re-evaluation decision, </marc:subfield>
      <marc:subfield code="x">1925-0967 ; </marc:subfield>
      <marc:subfield code="v">PRVD2016-15</marc:subfield>
    </marc:datafield>
    <marc:datafield tag="500" ind1=" " ind2=" ">
      <marc:subfield code="a">Issued also in French under title: Quinclorac.</marc:subfield>
    </marc:datafield>
    <marc:datafield tag="500" ind1=" " ind2=" ">
      <marc:subfield code="a">“20 May 2016.”</marc:subfield>
    </marc:datafield>
    <marc:datafield tag="504" ind1=" " ind2=" ">
      <marc:subfield code="a">Includes bibliographic references.</marc:subfield>
    </marc:datafield>
    <marc:datafield tag="520" ind1=" " ind2=" ">
      <marc:subfield code="a">After a re-evaluation of the herbicide quinclorac, Health Canada’s Pest Management Regulatory Agency (PMRA), under the authority of the Pest Control Products Act and Regulations, is proposing continued registration of products containing quinclorac for sale and use in Canada. An evaluation of available scientific information found that uses of quinclorac products do not present unacceptable risks to human health or the environment when used according to the proposed label directions. As a requirement of the continued registration of quinclorac, new risk-reduction measures are proposed for end-use products registered in Canada, including revised label directions. This proposal affects the products containing quinclorac registered in Canada. Once the final re-evaluation decision is made, the registrant will be instructed on how to address any new requirements. This Proposed Re-evaluation Decision is a consultation document that summarizes the science evaluation for quinclorac and presents the reasons for the proposed re-evaluation decision. It also proposes additional risk-reduction measures to further protect the environment. The information is presented in two parts. The Overview describes the regulatory process and key points of the evaluation, while the Science Evaluation provides detailed technical information on the assessment of quinclorac.</marc:subfield>
    </marc:datafield>
    <marc:datafield tag="530" ind1=" " ind2=" ">
      <marc:subfield code="a">Issued also in printed form.</marc:subfield>
    </marc:datafield>
    <marc:datafield tag="692" ind1="0" ind2="7">
      <marc:subfield code="2">gccst</marc:subfield>
      <marc:subfield code="a">Herbicides</marc:subfield>
    </marc:datafield>
    <marc:datafield tag="692" ind1="0" ind2="7">
      <marc:subfield code="2">gccst</marc:subfield>
      <marc:subfield code="a">Certification</marc:subfield>
    </marc:datafield>
    <marc:datafield tag="692" ind1="0" ind2="7">
      <marc:subfield code="2">gccst</marc:subfield>
      <marc:subfield code="a">Toxicology</marc:subfield>
    </marc:datafield>
    <marc:datafield tag="710" ind1="1" ind2=" ">
      <marc:subfield code="a">Canada. </marc:subfield>
      <marc:subfield code="b">Pest Management Regulatory Agency.</marc:subfield>
    </marc:datafield>
    <marc:datafield tag="775" ind1="0" ind2="8">
      <marc:subfield code="t">Quinclorac </marc:subfield>
      <marc:subfield code="w">(CaOODSP)9.818384</marc:subfield>
    </marc:datafield>
    <marc:datafield tag="830" ind1="#" ind2="0">
      <marc:subfield code="a">Proposed re-evaluation decision (Canada. Pest Management Regulatory Agency)</marc:subfield>
      <marc:subfield code="x">1925-0967 ; </marc:subfield>
      <marc:subfield code="v">PRVD2016-15</marc:subfield>
      <marc:subfield code="w">(CaOODSP)9.505201</marc:subfield>
    </marc:datafield>
    <marc:datafield tag="856" ind1="4" ind2="0">
      <marc:subfield code="q">PDF</marc:subfield>
      <marc:subfield code="s">713 KB</marc:subfield>
      <marc:subfield code="u">https://publications.gc.ca/collections/collection_2016/sc-hc/H113-27-2016-15-eng.pdf</marc:subfield>
    </marc:datafield>
  </marc:record>
</marc:collection>
